Business economics (Record no. 8686)

MARC details
000 -LEADER
fixed length control field 00505cam a2200205ua 4500
001 - CONTROL NUMBER
control field 9676
005 - DATE AND TIME OF LATEST TRANSACTION
control field 20260515114517.0
008 - FIXED-LENGTH DATA ELEMENTS--GENERAL INFORMATION
fixed length control field 160317n ii |||gr||||Z||||||eng
020 ## - INTERNATIONAL STANDARD BOOK NUMBER
International Standard Book Number 9789384303549
040 ## - CATALOGING SOURCE
Transcribing agency MAIN
041 ## - LANGUAGE CODE
Language code of text/sound track or separate title eng
082 ## - DEWEY DECIMAL CLASSIFICATION NUMBER
Classification number 338.7
100 ## - MAIN ENTRY--PERSONAL NAME
Personal name Barua, Jagatjyoti,
Relator term Author.
245 1# - TITLE STATEMENT
Title Business economics
Statement of responsibility, etc. by Jagatjyoti Barua
250 ## - EDITION STATEMENT
Edition statement 2nd rev. & enl. ed.
260 ## - PUBLICATION, DISTRIBUTION, ETC.
Place of publication, distribution, etc. Dibrugarh:
Name of publisher, distributor, etc. Mahaveer publications,
Date of publication, distribution, etc. 2016.
300 ## - PHYSICAL DESCRIPTION
Extent 256p.
653 ## - INDEX TERM--UNCONTROLLED
Uncontrolled term Production
942 ## - ADDED ENTRY ELEMENTS (KOHA)
Koha item type Books
Holdings
Withdrawn status Lost status Damaged status Not for loan Home library Current library Shelving location Date acquired Total checkouts Full call number Barcode Date last seen Date last checked out Copy number Price effective from Koha item type
        Naharkatiya College Library Naharkatiya College Library General stacks 09/19/2020 1 338.7 | BAR 23249 06/13/2024 06/13/2024 3 09/19/2020 Books
        Naharkatiya College Library Naharkatiya College Library General stacks 09/19/2020 2 338.7 | BAR 23250 11/14/2025 11/04/2025 2 09/19/2020 Books
        Naharkatiya College Library Naharkatiya College Library General stacks 09/19/2020   338.7 | BAR 23251 09/19/2020   1 09/19/2020 Books